Parachute - Sean Lennon - Statistiques

Statistiques générales
  • Ce quiz a été pris 4 fois
  • Le résultat moyen est 47 sur 143
Statistiques - réponses
Réponse % Correct
a
75%
I
75%
an
50%
is
50%
Love
50%
on
50%
the
50%
we
50%
We
50%
you
50%
You
50%
aeroplane
25%
and
25%
And
25%
Baby
25%
be
25%
before
25%
best
25%
brave
25%
bring
25%
can
25%
Cause
25%
clouds
25%
cry
25%
Cut
25%
days
25%
die
25%
don't
25%
down
25%
dream
25%
dreaming ?
25%
everyone
25%
for
25%
fun
25%
ground
25%
had
25%
have
25%
hit
25%
hurricane
25%
I'd
25%
if
25%
In
25%
it's
25%
Jump
25%
just
25%
know
25%
konw
25%
let
25%
Let's
25%
Life
25%
like
25%
Lucky
25%
me
25%
of
25%
ones
25%
parachute
25%
pray
25%
put
25%
rather
25%
remain
25%
screaming ?
25%
show
25%
some
25%
stage
25%
then
25%
think
25%
to
25%
tonight
25%
Underneath
25%
up
25%
us
25%
wake
25%
waves
25%
way
25%
Which
25%
who
25%
will
25%
with
25%
Aucun quiz correspondant
Distribution des résultats
% des personnes avec chaque résultat
Percentile par nombre de réponses
Votre historique - résultats
Vous n’avez pas pris ce quiz